Statistics for NBA - How Many Rings Do They Have?

Click here to take the quiz!

General Stats

  • This quiz has been taken 16,656 times
  • The average score is 13 of 17

Answer Stats

QuestionAnswer% Correct
Michael Jordan3+
99%
Stephen Curry3+
94%
Shaquille O'Neal3+
92%
Giannis Antetokounmpo1
91%
Allen IversonNone
86%
Russell WestbrookNone
86%
Charles BarkleyNone
86%
Dirk Nowitzki1
85%
Kevin Durant2
82%
Kyrie Irving1
80%
Karl MaloneNone
78%
Patrick EwingNone
74%
Kevin Garnett1
73%
Hakeem Olajuwon2
73%
Dwyane Wade3+
69%
Kawhi Leonard2
65%
Bill Walton2
26%

Score Distribution

Percentile by Number Answered

Percent of People with Each Score

Your Score History

You have not taken this quiz